| 000 | 00548nam a2200145Ia 4500 | ||
|---|---|---|---|
| 008 | 100122s9999 xx 000 0 und d | ||
| 082 |
_b43576 _a922.945 |
||
| 100 | _aजोेहारी गजानन | ||
| 245 | _aजगद्गुरू आद्य शंकराचार्य | ||
| 260 |
_bसुरेश एजन्सी _c1989 |
||
| 300 | _a132 | ||
| 630 | _aजगद्गुरू आद्य शंकराचार्य | ||
| 730 | _aजगद्गुरू आद्य शंकराचार्य | ||
| 942 | _cBOOK | ||
| 999 |
_c423603 _d423600 |
||